000 00706cam a2200241 i 4500
001 16714907
005 20180306034012.0
008 110331r20111912oru b 000 0 eng
010 _a 2011926546
020 _a9780983360612 (pbk. : alk. paper)
040 _aDLC
_beng
_erda
_cDLC
_dDLC
041 _aeng
042 _apcc
080 _a110 RUS
082 0 0 _a110 RUS
_223
100 1 _a24
101 _aFIL
245 1 4 _aThe Problems of philosophy /
_cBertrand Russell.
504 _aIncludes bibliographical references (pages 189).
906 _a7
_bcbc
_corignew
_d2
_eepcn
_f20
_gy-gencatlg
942 _2ddc
_cBK
999 _c44133
_d44133